Rodinná firma EMCO stavila na ERP systém pre výrobné firmy v cloude

Pre EMCO je kľúčové realizovať projekt s najvyššou prioritou a kvalitou prevedenia v spolupráci s partnerom Minerva ČR. Očakávame úspešnú implementáciu a veľký prínos ERP QAD v cloude, pre celé fungovanie spoločnosti, povedal Pavel Pirko, riaditeľ divízie EMCO.

Enregistré dans:
Détails bibliographiques
Format: Chapitre de livre
Langue:slovaque
Sujets:
Tags: Ajouter un tag
Pas de tags, Soyez le premier à ajouter un tag!

MARC

LEADER 00000naa a2200000 4500
001 0273757
005 20210518205803.6
041 0 |a slo 
044 |a SK 
245 1 0 |a Rodinná firma EMCO stavila na ERP systém pre výrobné firmy v cloude 
520 |a Pre EMCO je kľúčové realizovať projekt s najvyššou prioritou a kvalitou prevedenia v spolupráci s partnerom Minerva ČR. Očakávame úspešnú implementáciu a veľký prínos ERP QAD v cloude, pre celé fungovanie spoločnosti, povedal Pavel Pirko, riaditeľ divízie EMCO. 
610 2 0 |a podnik výrobný 
610 2 0 |a zdroje podnikové 
610 2 0 |a plánovanie 
610 2 0 |a cloud computing 
610 2 0 |a systémy informačné podnikové